000 00368 a2200109 4500
001 ART_41870
005 20260410162024.0
008 260409a
245 1 0 _aEl futuro de la ciencia jurídica en los países del derecho continental
100 1 _aSpector, Horacio M.
773 0 _tJurisprudencia Argentina
_gDerecho y economía (mayo 2006)
_wREV41622
999 _c33348
_d33348